Bhakta Surdas / (Record no. 44311)
[ view plain ]
| 000 -LEADER | |
|---|---|
| fixed length control field | 01147nji a22002777a 4500 |
| 005 - DATE AND TIME OF LATEST TRANSACTION | |
| control field | 20100903161258.0 |
| 006 - FIXED-LENGTH DATA ELEMENTS--ADDITIONAL MATERIAL CHARACTERISTICS--GENERAL INFORMATION | |
| fixed length control field | a|||||r|||||00| 0 |
| 007 - PHYSICAL DESCRIPTION FIXED FIELD--GENERAL INFORMATION | |
| fixed length control field | sd ammalaaahaa |
| 008 - FIXED-LENGTH DATA ELEMENTS--GENERAL INFORMATION | |
| fixed length control field | 100830t xxu||||| |||| 00| 0 eng d |
| 028 ## - PUBLISHER NUMBER | |
| Publisher number | H 1025 G |
| Source | Columbia |
| 035 ## - SYSTEM CONTROL NUMBER | |
| System control number | GR-00940 |
| 040 ## - CATALOGING SOURCE | |
| Original cataloging agency | SED |
| Transcribing agency | SED |
| 100 ## - MAIN ENTRY--PERSONAL NAME | |
| 9 (RLIN) | 17455 |
| Personal name | Saigal |
| 245 ## - TITLE STATEMENT | |
| Title | Bhakta Surdas / |
| Statement of responsibility, etc | by Saigal ; comp by D N Madhok ; music by Jnan Dutt |
| Medium | [sound recording] : |
| 246 ## - VARYING FORM OF TITLE | |
| Title proper/short title | में नहीं माखन खायो / सैगल द्वारा |
| 260 ## - PUBLICATION, DISTRIBUTION, ETC. (IMPRINT) | |
| Place of publication, distribution, etc | Dum Dum, India |
| Name of publisher, distributor, etc | Columbia |
| 300 ## - PHYSICAL DESCRIPTION | |
| Extent | 1 sound disc [Gramophone Recording]: |
| Other physical details | analog, 33 1/3 rpm |
| Dimensions | 9.5 in. (MP) |
| Type of unit | Gramophone Record |
| 500 ## - GENERAL NOTE | |
| General note | Brief Record |
| 505 ## - FORMATTED CONTENTS NOTE | |
| Formatted contents note | Side-1 में नहीं माखन खायो (Mein nahi makkan khayoo ) ( Saigal) Side- 2 कदम चले आगे (kadam chaley aagey) |
| 650 ## - SUBJECT ADDED ENTRY--TOPICAL TERM | |
| Topical term or geographic name as entry element | Classical music |
| Geographic subdivision | India |
| 9 (RLIN) | 1186 |
| General subdivision | Excerpts |
| 700 ## - ADDED ENTRY--PERSONAL NAME | |
| 9 (RLIN) | 17416 |
| Personal name | Madhok, D N |
| 700 ## - ADDED ENTRY--PERSONAL NAME | |
| 9 (RLIN) | 18773 |
| Personal name | Dutt, Jnan |
| 700 ## - ADDED ENTRY--PERSONAL NAME | |
| 9 (RLIN) | 17456 |
| 942 ## - ADDED ENTRY ELEMENTS (KOHA) | |
| Source of classification or shelving scheme | Dewey Decimal Classification |
| Item type | Gramaphone Records |
| Withdrawn status | Lost status | Source of classification or shelving scheme | Damaged status | Not for loan | Collection code | Home library | Current library | Date acquired | Total Checkouts | Barcode | Date last seen | Copy number | Price effective from | Koha item type |
|---|---|---|---|---|---|---|---|---|---|---|---|---|---|---|
| Dewey Decimal Classification | Not For Loan | Non-fiction | Central Library | Central Library | 07/09/2010 | GR-00940 | 07/09/2010 | 1 | 07/09/2010 | Gramaphone Records |
